Farreras - Rozman. Medicina Interna. (Registro nro. 3151)

Detalles MARC
000 -LEADER
fixed length control field 01203nam a2200361 a 4500
008 - CAMPO DE CONTROL (LIBRO)
fixed length control field 181121e2020 sp ||||f |||| 001 0 spa d
020 ## - INTERNATIONAL STANDARD BOOK NUMBER
ISBN 9788491135449
041 ## - CODIGO DE IDIOMA
Código de idioma del texto/pista de sonido o título separado spa
092 ## - SIGNATURA TOPOGRAFICA DEWEY LOCAL
número de clasificación 616
libristica 24
sección FAR
100 1# - ENTRADA PRINCIPAL--NOMBRE PERSONAL
Nombre personal Rozman, Ciril
Función Dir.
9 (RLIN) 449
245 ## - TITULO PROPIAMENTE DICHO
Título Farreras - Rozman. Medicina Interna.
Subtítulo y Título paralelo T.2 /
Mención de responsabilidad y remanente de la transcripción de la portada Ciril Rozman
250 ## - MENCION DE EDICION
Mención de edición 19a ed.
260 ## - PIE DE IMPRENTA
Lugar de publicación, distribución, etc Barcelona:
Nombre de la editorial, distribuidor, etc Elsevier;
Fecha de publicación 2016.
300 ## - DESCRIPCION FISICA
Extension 1301-2700 p.
500 ## - NOTA GENERAL
Nota general Rozman, C. y Cardellach López, F. (Dirs.). (2020). Farreras - Rozman. Medicina Interna. T.2 (19a ed.). Barcelona : Elsevier.
590 ## - NOTAS LOCALES (RLIN)
Nota local Compra Noviembre 2018. Fac. de Medicina
653 ## - TÉRMINO INDIZADO - PALABRAS CLAVES
Palabra clave Neurologia
653 ## - TÉRMINO INDIZADO - PALABRAS CLAVES
Palabra clave Psiquiatria
653 ## - TÉRMINO INDIZADO - PALABRAS CLAVES
Palabra clave Hematologia
653 ## - TÉRMINO INDIZADO - PALABRAS CLAVES
Palabra clave Metabolismo y Nutricion
653 ## - TÉRMINO INDIZADO - PALABRAS CLAVES
Palabra clave Endocrinologia
653 ## - TÉRMINO INDIZADO - PALABRAS CLAVES
Palabra clave Enfermedades infecciosas
653 ## - TÉRMINO INDIZADO - PALABRAS CLAVES
Palabra clave Infecciones bacterianas
653 ## - TÉRMINO INDIZADO - PALABRAS CLAVES
Palabra clave Infecciones causadas por hongos
653 ## - TÉRMINO INDIZADO - PALABRAS CLAVES
Palabra clave Infecciones causadas por parásitos
653 ## - TÉRMINO INDIZADO - PALABRAS CLAVES
Palabra clave Infecciones causadas por virus
653 ## - TÉRMINO INDIZADO - PALABRAS CLAVES
Palabra clave Miscelanea
653 ## - TÉRMINO INDIZADO - PALABRAS CLAVES
Palabra clave Toxicologia clínica
653 ## - TÉRMINO INDIZADO - PALABRAS CLAVES
Palabra clave Enfermedades causadas por agentes fisicos
653 ## - TÉRMINO INDIZADO - PALABRAS CLAVES
Palabra clave Inmunologia
700 1# - ENTRADAS SECUNDARIAS - NOMBRE PERSONAL
Nombre personal Cardellach López, F.
Función Dir.
9 (RLIN) 3988
942 ## - ADDED ENTRY ELEMENTS (KOHA)
Source of classification or shelving scheme Dewey Decimal Classification
Item type Libros
Existencias
Estado de retiro Existencia Fuente de clasificación Estado general No para prestamo Ubicación permanente ubicación actual Sala de ubicación Fecha de adquisición Fuente de adquisición Total Checkouts Total Renewals Número de clasificación Código de barras Date last seen Date last borrowed Número de ejemplar Price effective from Koha tipo de elemento (item) Public note Coded location qualifier
    Dewey Decimal Classification     Biblioteca Medicina Biblioteca Medicina Circulación 22/02/2023 Donación Dr. Rios, febrero 2023 21 5 616 24 FAR 4817 01/06/2026 22/05/2026 Ej. 17 22/02/2023 Libros Donación Dr. Rios, febrero 2023  

UNIVERSIDAD NACIONAL DEL COMAHUE
Biblioteca de la Facultad de Ciencias Médicas
Sede Toschi: Los Arrayanes y Av. Toschi, Cipolletti  - Rio Negro
Sede Los Tordos:  Yrigoyen al 2211, Cipolletti - Rio Negro 

Teléfono: 0299 - 4774707 int 25
Contacto: biblioteca@facimed.uncoma.edu.ar
© 2011 - 2026